000 00579nam a2200217Ia 4500
003 OSt
005 20220923225817.0
006 a|||||r|||| 00| 0
007 ta
008 220922b |||||||| |||| 00| 0 urd d
024 _a274,896
037 _cTextual
040 _aARTS
_cARTS
_burd
041 _2urd
_aurd
082 _aO168,1H80:g, 153L0
245 0 _aਬੁੱਲੇ Fਾਹ
_b ਜੀਵਨ ਤੇ ਰਚਨਾ
260 _c1970
650 _aਉਰਦੂ ਸਾਹਿਤ
942 _hO168,1H80:g, 153L0
_cTEXL
_2CC
999 _c380556
_d380556